| 000 | 00587ntaaa2200205 4500 | ||
|---|---|---|---|
| 003 | 01 | ||
| 005 | 20251027201955.0 | ||
| 008 | 0714s1973 ag 01 | ||
| 040 |
_aAR-BaBN _bspa _cAR-BaBN _eaacr _dRIC |
||
| 082 | _a254.3000 G88 | ||
| 100 | _aGriswold, Clayton T. | ||
| 245 | _aBroadcasting religion. Manual for local use. | ||
| 250 | _a1 ed. | ||
| 260 |
_aNY : _bNational Council of Churches of Christ, Broadcasting and Film Commission, _cc1952 |
||
| 300 | _a76 p. | ||
| 500 | _amanual de radiofonÃa | ||
| 650 | _aRadiofonÃa | ||
| 700 |
_aSchmitz, Charles H. _918337 |
||
| 942 | _cBK | ||
| 999 |
_c14494 _d14494 |
||